Ballon d'or 2013 - Statistiques

Statistiques générales
  • Ce quiz a été pris 275 fois
  • Le résultat moyen est 19 sur 23
Statistiques - réponses
Rang Joueurs Nationalité Points % Correct
1 Cristiano Ronaldo Portugal 1579
100%
2 Lionel Messi Argentine 1395
100%
4 Zlatan Ibrahimović Suède 299
100%
9 Gareth Bale Pays de Galles 74
99%
5 Neymar Jr Brésil 179
99%
3 Franck Ribéry France 1318
96%
6 Andrés Iniesta Espagne 117
95%
19 Luis Suárez Uruguay 22
94%
13 Robert Lewandowski Pologne 52
92%
8 Arjen Robben Pays-Bas 100
90%
Thomas Müller Allemagne 24
89%
23 Manuel Neuer Allemagne 5
87%
22 Eden Hazard Belgique 9
86%
20 Edinson Cavani Uruguay 20
85%
15 Xavi Espagne 45
84%
7 Robin van Persie Pays-Bas 101
81%
12 Yaya Touré Côte d'Ivoire 56
79%
11 Radamel Falcao Colombie 61
77%
14 Philipp Lahm Allemagne 46
73%
17 Bastian Schweinsteiger Allemagne 24
58%
10 Andrea Pirlo Italie 63
57%
21 Thiago Silva Brésil 14
56%
16 Mesut Özil Allemagne 40
41%
Aucun quiz correspondant
Distribution des résultats
% des personnes avec chaque résultat
Percentile par nombre de réponses
Votre historique - résultats
Vous n’avez pas pris ce quiz